[Event "XIX. DBMM Schach"]
[Site "Billerbeck"]
[Date "2019.09.05"]
[Round "2.3"]
[White "Stalz, Manfred"]
[Black "Leveikina, Jevgenija"]
[Result "0-1"]
[WhiteElo "1709"]
[BlackElo "2084"]
[Annotator "br"]
[PlyCount "140"]
[EventDate "2019.09.??"]
[EventType "team-swiss"]
[EventRounds "7"]
[EventCountry "GER"]
[SourceTitle "XIX. DBMM 2019"]
[Source "FV Schach e.V."]
[SourceDate "2019.09.09"]
[SourceVersion "4"]
[SourceVersionDate "2019.10.16"]
[SourceQuality "1"]
[WhiteTeam "abatec Billerbeck"]
[BlackTeam "EKJ Herne und Wanne-Eickel"]
[WhiteTeamCountry "GER"]
[BlackTeamCountry "GER"]

1. d4 d5 2. Nf3 Nf6 3. e3 c6 4. Bd3 Bg4 5. Nbd2 e6 6. Qe2 Nbd7 7. e4 dxe4 8.
Nxe4 Nxe4 9. Bxe4 Nf6 10. c3 Nxe4 11. Qxe4 Bf5 12. Qe2 Be7 13. Bf4 Qd5 14. Qe5
Bf6 15. Qxd5 cxd5 16. Kd2 Be4 17. Ne1 O-O 18. f3 Bg6 19. Nd3 Bxd3 20. Kxd3 Rfc8
21. Rhe1 Rc6 22. Re2 $11 Rac8 23. Rae1 b5 24. a3 g6 25. Bd2 a5 26. Rb1 Be7 27.
b4 axb4 28. axb4 Ra8 29. Rb2 Bd6 30. f4 Rca6 31. g3 Kg7 32. Ke3 Ra1 33. Re1 h5
34. Rxa1 Rxa1 35. h4 Kf6 36. Kf3 Kf5 37. Be3 Ra3 38. Rc2 Be7 39. Rc1 Ra2 40.
Bf2 Bf8 41. Be3 Ra3 42. Rc2 Ra1 43. Rc1 Rxc1 44. Bxc1 f6 45. Bd2 Bd6 46. Be3 e5
47. fxe5 fxe5 48. dxe5 Bxe5 49. Bd2 d4 50. cxd4 Bxd4 51. Be3 Bxe3 52. Kxe3 Ke5
53. Kf3 Kd4 54. Kf4 Kc4 55. Kg5 Kxb4 56. Kxg6 Kc5 57. Kxh5 b4 58. g4 b3 59. g5
b2 60. g6 b1=Q 61. Kh6 Qc1+ 62. Kh7 Qh1 63. g7 Qxh4+ 64. Kg8 Kd6 65. Kf7 Qh5+
66. Kf8 Qf5+ 67. Ke8 Qg6+ 68. Kf8 Qf6+ 69. Kg8 Ke6 70. Kh8 Qh6+ 0-1

[Event "XIX. DBMM Schach"]
[Site "Billerbeck"]
[Date "2019.09.05"]
[Round "2.4"]
[White "Selmanaj, Agim"]
[Black "Stegemann, Sven"]
[Result "0-1"]
[WhiteElo "1643"]
[BlackElo "1586"]
[Annotator "sst"]
[PlyCount "55"]
[EventDate "2019.09.??"]
[EventType "team-swiss"]
[EventRounds "7"]
[EventCountry "GER"]
[SourceTitle "XIX. DBMM 2019"]
[Source "FV Schach e.V."]
[SourceDate "2019.09.09"]
[SourceVersion "4"]
[SourceVersionDate "2019.10.16"]
[SourceQuality "1"]
[WhiteTeam "EKJ Herne und Wanne-Eickel"]
[BlackTeam "abatec Billerbeck"]
[WhiteTeamCountry "GER"]
[BlackTeamCountry "GER"]

1. e4 e5 2. Bc4 Nf6 3. d3 Bc5 4. Be3 Bxe3 5. fxe3 O-O 6. Nf3 Nc6 7. a3 d6 8.
Nc3 Ne7 9. O-O Bg4 10. Qe1 Be6 11. Bxe6 fxe6 12. h3 Ng6 13. Nh4 Nxh4 14. Qxh4
d5 15. exd5 exd5 16. e4 c6 17. exd5 Qb6+ 18. Kh1 Qxb2 19. Ne4 cxd5 20. Ng5 h6
21. Ne6 Qxc2 22. Nxf8 Rxf8 23. Rf3 Qb2 24. Raf1 Qxa3 25. Rg3 Kh7 26. d4 Qe7 27.
dxe5 Qxe5 28. Re1 0-1

[Event "XIX. DBMM Schach"]
[Site "Billerbeck"]
[Date "2019.09.05"]
[Round "2.1"]
[White "Hufnagel, Markus"]
[Black "Feikes, Joerg"]
[Result "1/2-1/2"]
[WhiteElo "1679"]
[BlackElo "2063"]
[Annotator "jf"]
[PlyCount "98"]
[EventDate "2019.09.??"]
[EventType "team-swiss"]
[EventRounds "7"]
[EventCountry "GER"]
[SourceTitle "XIX. DBMM 2019"]
[Source "FV Schach e.V."]
[SourceDate "2019.09.09"]
[SourceVersion "4"]
[SourceVersionDate "2019.10.16"]
[SourceQuality "1"]
[WhiteTeam "Deutsche Bahn Oberhausen"]
[BlackTeam "BA Tempelhof Berlin"]
[WhiteTeamCountry "GER"]
[BlackTeamCountry "GER"]

1. c4 e5 2. Nc3 Nf6 3. g3 d5 4. Bg2 d4 5. Nd5 Nbd7 6. d3 c6 7. Nxf6+ Nxf6 8.
Nf3 Bd6 9. O-O O-O 10. e3 dxe3 11. Bxe3 Re8 12. d4 e4 13. Ne5 Bf5 14. Qb3 Qe7
15. c5 Bxe5 16. dxe5 Ng4 17. f4 exf3 18. Rxf3 Qxe5 19. Rxf5 Qxe3+ 20. Qxe3 Nxe3
21. Rf2 Nxg2 22. Kxg2 Rad8 23. Rc1 Re5 24. Rc3 h5 25. Rb3 Rd7 26. Rc2 f5 27.
Kf3 Kf7 28. h4 Kf6 29. Rc4 Red5 30. Rcc3 Rd4 31. Ra3 a6 32. Rc2 Rd3+ 33. Rxd3
Rxd3+ 34. Kf4 Rd4+ 35. Kf3 f4 36. Rc3 g5 37. hxg5+ Kxg5 38. Rb3 fxg3 39. Kxg3
Rd7 40. Rc3 a5 41. Ra3 a4 42. Rxa4 Rd3+ 43. Kg2 Rd2+ 44. Kf3 Rxb2 45. Ra8 Rc2
46. Ra7 Rc3+ 47. Ke4 Rc4+ 48. Kf3 Rf4+ 49. Kg3 Rb4 1/2-1/2

[Event "XIX. DBMM Schach"]
[Site "Billerbeck"]
[Date "2019.09.05"]
[Round "2.2"]
[White "Kettenburg, Stefan"]
[Black "Engling, Dirk"]
[Result "1-0"]
[WhiteElo "2075"]
[BlackElo "1662"]
[Annotator "br"]
[PlyCount "63"]
[EventDate "2019.09.??"]
[EventType "team-swiss"]
[EventRounds "7"]
[EventCountry "GER"]
[SourceTitle "XIX. DBMM 2019"]
[Source "FV Schach e.V."]
[SourceDate "2019.09.09"]
[SourceVersion "4"]
[SourceVersionDate "2019.10.16"]
[SourceQuality "1"]
[WhiteTeam "BA Tempelhof Berlin"]
[BlackTeam "Deutsche Bahn Oberhausen"]
[WhiteTeamCountry "GER"]
[BlackTeamCountry "GER"]

1. d4 Nf6 2. c4 g6 3. Nc3 Bg7 4. e4 d6 5. f4 c5 6. d5 Nbd7 7. Nf3 O-O 8. Be2 a6
9. a4 Qc7 10. O-O b6 11. h3 h6 12. Be3 Nh7 13. Qd2 f5 14. Nh4 Rf6 15. exf5 gxf5
16. Bd3 Ndf8 17. Qc2 Qd7 18. Rae1 h5 19. Qe2 Qe8 20. Qc2 Qf7 21. Ne2 Ng6 22.
Nf3 Qf8 23. Ng3 h4 24. Nh5 Rf7 25. Bf2 Bh6 26. Nxh4 Nxf4 27. Nxf4 Bxf4 28. Ng6
Qh6 29. Nxe7+ Kh8 30. Nxc8 Rxc8 31. Bxf5 Qg5 32. Bxc8 1-0

[Event "XIX. DBMM Schach"]
[Site "Billerbeck"]
[Date "2019.09.05"]
[Round "2.3"]
[White "Holdsch, Peter Michael"]
[Black "Koerlin, Hans Juergen"]
[Result "0-1"]
[WhiteElo "1634"]
[BlackElo "1916"]
[Annotator "hjk"]
[PlyCount "106"]
[EventDate "2019.09.??"]
[EventType "team-swiss"]
[EventRounds "7"]
[EventCountry "GER"]
[SourceTitle "XIX. DBMM 2019"]
[Source "FV Schach e.V."]
[SourceDate "2019.09.09"]
[SourceVersion "4"]
[SourceVersionDate "2019.10.16"]
[SourceQuality "1"]
[WhiteTeam "Deutsche Bahn Oberhausen"]
[BlackTeam "BA Tempelhof Berlin"]
[WhiteTeamCountry "GER"]
[BlackTeamCountry "GER"]

1. d4 Nf6 2. Nf3 c5 3. c3 b6 4. d5 Bb7 5. c4 g6 6. Nc3 Bg7 7. e4 d6 8. Be2 Nbd7
9. a4 O-O 10. h3 Qc7 11. Be3 Rad8 12. O-O h6 13. Nd2 Nh7 14. f4 f5 15. Bd3 fxe4
16. Bxe4 Rf6 17. Qc2 Ndf8 18. Rf3 Bc8 19. Bd3 Bf5 20. Nde4 Rf7 21. g4 Bxe4 22.
Bxe4 Bd4 23. Bxd4 cxd4 24. Ne2 Qc5 25. Bd3 Ng5 26. Rg3 Ngh7 27. Kg2 Kg7 28. b3
Nf6 29. Rf1 Rc8 30. Qb2 e5 31. dxe6 Nxe6 32. Kh1 a5 33. Qc2 Nf8 34. g5 Nd5 35.
gxh6+ Kxh6 36. Bxg6 Re7 37. f5 Ne3 38. Qd2 Nxg6 39. Rxg6+ Kh7 40. Rf4 Qe5 41.
Kh2 Qxf4+ 42. Nxf4 Nf1+ 43. Kg2 Nxd2 44. f6 Rf7 45. Nd5 Rg8 46. Rxg8 Kxg8 47.
Kh2 Nxb3 48. Kg3 d3 49. Kf2 Nc5 50. Ke3 Rh7 51. Nxb6 Rxh3+ 52. Kd2 Rh2+ 53. Kd1
Ne4 0-1

[Event "XIX. DBMM Schach"]
[Site "Billerbeck"]
[Date "2019.09.05"]
[Round "2.4"]
[White "Baranowsky, Peter"]
[Black "Grunwald, Guenther"]
[Result "1-0"]
[WhiteElo "1804"]
[BlackElo "1619"]
[Annotator "br"]
[PlyCount "57"]
[EventDate "2019.09.??"]
[EventType "team-swiss"]
[EventRounds "7"]
[EventCountry "GER"]
[SourceTitle "XIX. DBMM 2019"]
[Source "FV Schach e.V."]
[SourceDate "2019.09.09"]
[SourceVersion "4"]
[SourceVersionDate "2019.10.16"]
[SourceQuality "1"]
[WhiteTeam "BA Tempelhof Berlin"]
[BlackTeam "Deutsche Bahn Oberhausen"]
[WhiteTeamCountry "GER"]
[BlackTeamCountry "GER"]

1. e4 e5 2. Nf3 Nc6 3. d4 exd4 4. Bc4 Nf6 5. O-O d6 6. Nxd4 Nxd4 7. Qxd4 Be7 8.
Bg5 O-O 9. Nc3 c6 10. a4 Nd7 11. Bxe7 Qxe7 12. Rad1 Ne5 13. Be2 Rd8 14. f4 c5
15. Qd2 Nc6 16. f5 Qe5 17. Qg5 f6 18. Qh4 Nd4 19. Bc4+ Kh8 20. Rd3 Bxf5 21.
exf5 Nxf5 22. Qf2 Nd4 23. Re3 Qh5 24. Rh3 Qg4 25. Rh4 Qd7 26. Nd5 Rf8 27. Rxh7+
Kxh7 28. Qh4+ Kg6 29. Nf4+ 1-0

[Event "XIX. DBMM Schach"]
[Site "Billerbeck"]
[Date "2019.09.05"]
[Round "2.1"]
[White "Warnest, Stefan"]
[Black "Boerger, Andreas"]
[Result "0-1"]
[WhiteElo "1601"]
[BlackElo "1768"]
[Annotator "br"]
[PlyCount "62"]
[EventDate "2019.09.??"]
[EventType "team-swiss"]
[EventRounds "7"]
[EventCountry "GER"]
[SourceTitle "XIX. DBMM 2019"]
[Source "FV Schach e.V."]
[SourceDate "2019.09.09"]
[SourceVersion "4"]
[SourceVersionDate "2019.10.16"]
[SourceQuality "1"]
[WhiteTeam "BA Tempelhof Berlin II"]
[BlackTeam "Westf. Provinzial-Versicherung Muenster"]
[WhiteTeamCountry "GER"]
[BlackTeamCountry "GER"]

1. e4 e6 2. d4 d5 3. e5 c5 4. c3 Nc6 5. Be3 Qb6 6. Qb3 f6 7. Qxb6 axb6 8. f4
Nh6 9. Be2 Nf5 10. Bf2 cxd4 11. cxd4 Nfxd4 12. Bxd4 Nxd4 13. Bd3 Nb3 14. axb3
Rxa1 15. Ne2 Bc5 16. Kd2 fxe5 17. fxe5 O-O 18. g3 Bd7 19. h4 Rf2 20. Ke1 Bb5
21. Kd2 Bxd3 22. Kxd3 Rf3+ 23. Kc2 Re3 24. Rh2 Rxe5 25. Nbc3 Rf1 26. g4 Rf2 27.
Rxf2 Bxf2 28. h5 Be1 29. Kd3 Bxc3 30. bxc3 Kf7 31. Ng3 Rg5 0-1

[Event "XIX. DBMM Schach"]
[Site "Billerbeck"]
[Date "2019.09.05"]
[Round "2.2"]
[White "Gerighausen, Karl Heinz"]
[Black "Schneider, Eckehard"]
[Result "1-0"]
[WhiteElo "1830"]
[BlackElo "1732"]
[Annotator "br"]
[PlyCount "29"]
[EventDate "2019.09.??"]
[EventType "team-swiss"]
[EventRounds "7"]
[EventCountry "GER"]
[SourceTitle "XIX. DBMM 2019"]
[Source "FV Schach e.V."]
[SourceDate "2019.09.09"]
[SourceVersion "4"]
[SourceVersionDate "2019.10.16"]
[SourceQuality "1"]
[WhiteTeam "Westf. Provinzial-Versicherung Muenster"]
[BlackTeam "BA Tempelhof Berlin II"]
[WhiteTeamCountry "GER"]
[BlackTeamCountry "GER"]

1. e4 e6 2. d4 d5 3. exd5 exd5 4. Nf3 Nc6 5. Bd3 Nge7 6. Qe2 Bg4 7. c3 Qd7 8.
h3 Bxf3 9. Qxf3 Qe6+ 10. Be3 O-O-O 11. Nd2 Kb8 12. O-O f5 13. b4 h6 14. Nb3 g5
15. b5 1-0

[Event "XIX. DBMM Schach"]
[Site "Billerbeck"]
[Date "2019.09.05"]
[Round "2.3"]
[White "Quast, Michael_x2"]
[Black "Kuestermann, Dieter"]
[Result "0-1"]
[WhiteElo "1806"]
[BlackElo "1810"]
[Annotator "mq"]
[PlyCount "74"]
[EventDate "2019.09.??"]
[EventType "team-swiss"]
[EventRounds "7"]
[EventCountry "GER"]
[SourceTitle "XIX. DBMM 2019"]
[Source "FV Schach e.V."]
[SourceDate "2019.09.09"]
[SourceVersion "4"]
[SourceVersionDate "2019.10.16"]
[SourceQuality "1"]
[WhiteTeam "BA Tempelhof Berlin II"]
[BlackTeam "Westf. Provinzial-Versicherung Muenster"]
[WhiteTeamCountry "GER"]
[BlackTeamCountry "GER"]

1. b3 e5 2. Bb2 Nc6 3. e3 f5 4. Bb5 d6 5. c4 Nf6 6. Nc3 Be7 7. Qc2 O-O 8. Bxc6
bxc6 9. Nge2 Qe8 10. Ng3 f4 11. exf4 exf4 12. Nge2 Ng4 13. h3 Ne5 14. O-O-O Bf5
15. d3 Qg6 16. Nxf4 Bg5 17. g3 Bxf4+ 18. gxf4 Nxd3+ 19. Rxd3 Bxd3 20. Qd1 Qf5
21. Kd2 Be4 22. Nxe4 Qxe4 23. Rg1 Qxf4+ 24. Kc2 Qxf2+ 25. Kb1 Rf7 26. Qg4 Re8
27. Bc3 Qe3 28. Re1 Qd3+ 29. Kb2 Rxe1 30. Bxe1 Qf5 31. Qg2 Qe5+ 32. Bc3 Qc5 33.
Qg4 Qf5 34. Qd1 d5 35. Ka3 Rd7 36. Qe1 d4 37. Qe8+ Qf8+ 0-1

[Event "XIX. DBMM Schach"]
[Site "Billerbeck"]
[Date "2019.09.05"]
[Round "2.4"]
[White "Peters, Tobias_x2"]
[Black "Meseck, Michael"]
[Result "0-1"]
[WhiteElo "1690"]
[BlackElo "1593"]
[Annotator "br"]
[PlyCount "48"]
[EventDate "2019.09.??"]
[EventType "team-swiss"]
[EventRounds "7"]
[EventCountry "GER"]
[SourceTitle "XIX. DBMM 2019"]
[Source "FV Schach e.V."]
[SourceDate "2019.09.09"]
[SourceVersion "4"]
[SourceVersionDate "2019.10.16"]
[SourceQuality "1"]
[WhiteTeam "Westf. Provinzial-Versicherung Muenster"]
[BlackTeam "BA Tempelhof Berlin II"]
[WhiteTeamCountry "GER"]
[BlackTeamCountry "GER"]

1. e4 e5 2. Nf3 Nc6 3. Bc4 Bc5 4. b4 Bxb4 5. c3 Be7 6. d4 exd4 7. Qb3 Nf6 8. e5
O-O 9. exf6 Bxf6 10. O-O dxc3 11. Nxc3 Na5 12. Bxf7+ Rxf7 13. Qc2 d5 14. Rb1 b6
15. Rd1 c6 16. Ne4 Bg4 17. Neg5 Bxg5 18. Nxg5 Bf5 19. Qb2 Rd7 20. Ra1 Nc4 21.
Qd4 c5 22. Qf4 Qf6 23. Rxd5 Rxd5 24. Qxc4 Qd4 0-1

[Event "XIX. DBMM Schach"]
[Site "Billerbeck"]
[Date "2019.09.05"]
[Round "2.1"]
[White "Blum, Norbert"]
[Black "Hartmann, Jens"]
[Result "1-0"]
[WhiteElo "1965"]
[BlackElo "1799"]
[Annotator "br"]
[PlyCount "113"]
[EventDate "2019.09.??"]
[EventType "team-swiss"]
[EventRounds "7"]
[EventCountry "GER"]
[SourceTitle "XIX. DBMM 2019"]
[Source "FV Schach e.V."]
[SourceDate "2019.09.09"]
[SourceVersion "4"]
[SourceVersionDate "2019.10.16"]
[SourceQuality "1"]
[WhiteTeam "Sparkassen-Vers. Stuttgart"]
[BlackTeam "Baubehoerde Hamburg II"]
[WhiteTeamCountry "GER"]
[BlackTeamCountry "GER"]

1. e4 e5 2. Nf3 Nc6 3. d4 exd4 4. Nxd4 Nxd4 5. Qxd4 d6 6. Nc3 Be6 7. Bf4 Nf6 8.
O-O-O a6 9. Be2 Be7 10. e5 dxe5 11. Qxd8+ Rxd8 12. Bxe5 c6 13. Rxd8+ Bxd8 14.
Rd1 Nd7 15. Bg3 f5 16. h4 Bf6 17. a3 O-O 18. Bd6 Re8 19. g3 Kf7 20. f4 Nb6 21.
Bf3 Nc4 22. Bc5 Rd8 23. Rxd8 Bxd8 24. Bd4 Bf6 25. Bxf6 Kxf6 26. Na4 Ne3 27. Be2
Nd5 28. Nc5 Bc8 29. Kd2 Ke7 30. b4 Kd6 31. c4 Nf6 32. Bf3 g6 33. Ke3 a5 34. Kd4
axb4 35. axb4 b6 36. Na4 Kc7 37. c5 b5 38. Nb6 Bd7 39. Ke5 Ne8 40. Bd1 Kd8 41.
Bb3 Ke7 42. Nxd7 Kxd7 43. Bg8 Ke7 44. Bxh7 Kf7 45. h5 gxh5 46. Bxf5 Ke7 47. Be4
Kd7 48. Bg6 Nc7 49. Bxh5 Na6 50. g4 Nxb4 51. Bg6 Na6 52. Kd4 Nc7 53. f5 Nd5 54.
Bf7 Nc7 55. g5 Ke7 56. Bb3 Na6 57. f6+ 1-0

[Event "XIX. DBMM Schach"]
[Site "Billerbeck"]
[Date "2019.09.05"]
[Round "2.2"]
[White "Hoffeins, Hans Werner"]
[Black "Marten, Gero"]
[Result "1/2-1/2"]
[WhiteElo "1565"]
[BlackElo "2008"]
[Annotator "br"]
[PlyCount "67"]
[EventDate "2019.09.??"]
[EventType "team-swiss"]
[EventRounds "7"]
[EventCountry "GER"]
[SourceTitle "XIX. DBMM 2019"]
[Source "FV Schach e.V."]
[SourceDate "2019.09.09"]
[SourceVersion "4"]
[SourceVersionDate "2019.10.16"]
[SourceQuality "1"]
[WhiteTeam "Baubehoerde Hamburg II"]
[BlackTeam "Sparkassen-Vers. Stuttgart"]
[WhiteTeamCountry "GER"]
[BlackTeamCountry "GER"]

1. Nf3 c5 2. g3 Nc6 3. Bg2 g6 4. O-O Bg7 5. d3 e5 6. c4 Nge7 7. Nc3 d6 8. Bg5
f6 9. Bd2 O-O 10. h4 Rb8 11. Nh2 Be6 12. e4 f5 13. Bg5 h6 14. Bxe7 Qxe7 15. Bh3
Nd4 16. Nf3 fxe4 17. Bxe6+ Qxe6 18. Nxd4 cxd4 19. Nxe4 b5 20. Qe2 bxc4 21. dxc4
d5 22. cxd5 Qxd5 23. Rfd1 Rbc8 24. b3 Rc6 25. Rd3 Rfc8 26. Rad1 Rc2 27. Qf3 Qc6
28. R1d2 Rc1+ 29. Rd1 Qa6 30. R3d2 Rxd1+ 31. Qxd1 Qc6 32. Qe2 Qc1+ 33. Kg2 Qc6
34. Qf3 1/2-1/2

[Event "XIX. DBMM Schach"]
[Site "Billerbeck"]
[Date "2019.09.05"]
[Round "2.3"]
[White "Lau, Peter"]
[Black "Lindemann, Thomas"]
[Result "1-0"]
[WhiteElo "1701"]
[BlackElo "1537"]
[Annotator "br"]
[PlyCount "73"]
[EventDate "2019.09.??"]
[EventType "team-swiss"]
[EventRounds "7"]
[EventCountry "GER"]
[SourceTitle "XIX. DBMM 2019"]
[Source "FV Schach e.V."]
[SourceDate "2019.09.09"]
[SourceVersion "4"]
[SourceVersionDate "2019.10.16"]
[SourceQuality "1"]
[WhiteTeam "Sparkassen-Vers. Stuttgart"]
[BlackTeam "Baubehoerde Hamburg II"]
[WhiteTeamCountry "GER"]
[BlackTeamCountry "GER"]

1. e4 e5 2. Nf3 Nc6 3. Bb5 Nge7 4. O-O a6 5. Ba4 b5 6. Bb3 d6 7. c3 Na5 8. Bc2
Ng6 9. d3 Be7 10. h3 O-O 11. Nbd2 Nb7 12. Re1 c5 13. Nf1 Qd7 14. Ng3 Nf4 15.
Nf5 Bf6 16. Bxf4 exf4 17. Qd2 b4 18. d4 bxc3 19. bxc3 cxd4 20. cxd4 Qc7 21.
Rac1 Bxf5 22. exf5 d5 23. Ne5 Bg5 24. Bb3 Qd8 25. Nf3 Bh6 26. Re5 Qb6 27. Bxd5
Rab8 28. Re7 Nd6 29. Rc6 Qb1+ 30. Re1 Qxf5 31. Rxd6 Rb5 32. Bc4 Rb1 33. Rxa6 g5
34. Rxh6 g4 35. hxg4 Rxe1+ 36. Qxe1 Qxg4 37. Qe5 1-0

[Event "XIX. DBMM Schach"]
[Site "Billerbeck"]
[Date "2019.09.05"]
[Round "2.4"]
[White "Hein, Andrea"]
[Black "Brethauer, Tim"]
[Result "1/2-1/2"]
[WhiteElo "1457"]
[BlackElo "1641"]
[Annotator "br"]
[PlyCount "47"]
[EventDate "2019.09.??"]
[EventType "team-swiss"]
[EventRounds "7"]
[EventCountry "GER"]
[SourceTitle "XIX. DBMM 2019"]
[Source "FV Schach e.V."]
[SourceDate "2019.09.09"]
[SourceVersion "4"]
[SourceVersionDate "2019.10.16"]
[SourceQuality "1"]
[WhiteTeam "Baubehoerde Hamburg II"]
[BlackTeam "Sparkassen-Vers. Stuttgart"]
[WhiteTeamCountry "GER"]
[BlackTeamCountry "GER"]

1. d4 e6 2. c4 Nf6 3. Nc3 Bb4 4. Bd2 O-O 5. a3 Be7 6. Nf3 b6 7. e3 Bb7 8. Be2
d5 9. cxd5 Nxd5 10. Rc1 Nd7 11. O-O N7f6 12. h3 Rc8 13. Re1 c5 14. Qa4 Bc6 15.
Qd1 Nxc3 16. Bxc3 Ne4 17. dxc5 Qxd1 18. Rexd1 Nxc3 19. Rxc3 Bxf3 20. Bxf3 Bf6
21. Rc2 bxc5 22. b3 Rb8 23. Rxc5 Rxb3 24. Ra5 1/2-1/2

[Event "XIX. DBMM Schach"]
[Site "Billerbeck"]
[Date "2019.09.05"]
[Round "2.1"]
[White "Bollmann, Laslo"]
[Black "Piepenburg, Rolf"]
[Result "1-0"]
[WhiteElo "1848"]
[BlackElo "1995"]
[Annotator "br"]
[PlyCount "91"]
[EventDate "2019.09.??"]
[EventType "team-swiss"]
[EventRounds "7"]
[EventCountry "GER"]
[SourceTitle "XIX. DBMM 2019"]
[Source "FV Schach e.V."]
[SourceDate "2019.09.09"]
[SourceVersion "4"]
[SourceVersionDate "2019.10.16"]
[SourceQuality "1"]
[WhiteTeam "AGI Frankfurt II"]
[BlackTeam "Commerzbank Frankfurt"]
[WhiteTeamCountry "GER"]
[BlackTeamCountry "GER"]

1. e4 Nf6 2. e5 Nd5 3. d4 d6 4. c4 Nb6 5. exd6 exd6 6. Be3 Be7 7. Nc3 O-O 8.
Be2 Nc6 9. Nf3 Bg4 10. b3 Re8 11. O-O Bf6 12. Rc1 d5 13. c5 Nc8 14. h3 Be6 15.
Bd3 N8e7 16. Ne2 g6 17. Bf4 Bf5 18. a3 a6 19. b4 Bxd3 20. Qxd3 Nf5 21. g4 Ng7
22. Rce1 Ne6 23. Bg3 Qd7 24. Ne5 Nxe5 25. dxe5 Bg7 26. f4 c6 27. Kh2 Nc7 28.
Nd4 f6 29. Re2 fxe5 30. fxe5 Ne6 31. Bh4 Nxd4 32. Qxd4 Re6 33. Bf6 Rc8 34. g5
Qc7 35. Kh1 Rf8 36. Rfe1 Qd7 37. Qg4 Qe8 38. h4 Rf7 39. h5 gxh5 40. Qxh5 Bxf6
41. exf6 Rxe2 42. Rxe2 Qd7 43. g6 hxg6 44. Qxg6+ Kh8 45. Rh2+ Rh7 46. f7 1-0

[Event "XIX. DBMM Schach"]
[Site "Billerbeck"]
[Date "2019.09.05"]
[Round "2.4"]
[White "Klowski, Bjoern Sigurd"]
[Black "Hoffmann, Frank"]
[Result "1-0"]
[WhiteElo "1624"]
[BlackElo "1494"]
[Annotator "bsk"]
[PlyCount "85"]
[EventDate "2019.09.??"]
[EventType "team-swiss"]
[EventRounds "7"]
[EventCountry "GER"]
[SourceTitle "XIX. DBMM 2019"]
[Source "FV Schach e.V."]
[SourceDate "2019.09.09"]
[SourceVersion "4"]
[SourceVersionDate "2019.10.16"]
[SourceQuality "1"]
[WhiteTeam "Commerzbank Frankfurt"]
[BlackTeam "AGI Frankfurt II"]
[WhiteTeamCountry "GER"]
[BlackTeamCountry "GER"]

1. e4 c6 2. d4 d5 3. Nc3 dxe4 4. Nxe4 Bf5 5. Ng3 Bg6 6. N1e2 h6 7. Nf4 Bh7 8.
c3 Nf6 9. Bc4 e6 10. Qe2 Nd5 11. O-O Bd6 12. Nxd5 cxd5 13. Bxd5 Nc6 14. Bb3 O-O
15. Be3 Qc7 16. Rad1 a6 17. d5 exd5 18. Rxd5 Ne7 19. Rh5 Bg6 20. Rh4 Rae8 21.
Qf3 Bxg3 22. hxg3 Nf5 23. Rg4 Kh7 24. Rc4 Qe5 25. Bf4 Qe2 26. Qxb7 Qxb2 27. Rc7
Rb8 28. Qxa6 Rxb3 29. axb3 Qxb3 30. g4 Nh4 31. Bg3 Nxg2 32. Kxg2 Qd5+ 33. Kh2
Qf3 34. Re7 Bd3 35. Qa1 Bxf1 36. Qxf1 Qxc3 37. Qb1+ Kg8 38. Be5 Qf3 39. Qf5 Qb3
40. g5 h5 41. g6 f6 42. Qxh5 Rd8 43. Qh7+ 1-0

[Event "XIX. DBMM Schach"]
[Site "Billerbeck"]
[Date "2019.09.06"]
[Round "3.1"]
[White "Ginsburg, Gennadi"]
[Black "Schramm, Christian"]
[Result "1/2-1/2"]
[WhiteElo "2415"]
[BlackElo "2361"]
[Annotator "dgt"]
[PlyCount "118"]
[EventDate "2019.09.??"]
[EventType "team-swiss"]
[EventRounds "7"]
[EventCountry "GER"]
[SourceTitle "XIX. DBMM 2019"]
[Source "FV Schach e.V."]
[SourceDate "2019.09.09"]
[SourceVersion "4"]
[SourceVersionDate "2019.10.16"]
[SourceQuality "1"]
[WhiteTeam "Software AG Darmstadt"]
[BlackTeam "AGI Frankfurt"]
[WhiteTeamCountry "GER"]
[BlackTeamCountry "GER"]

1. e4 c6 2. Nc3 g6 3. d4 d5 4. h3 dxe4 5. Nxe4 Bg7 6. Nf3 Nf6 7. Nxf6+ exf6 8.
Bc4 O-O 9. O-O Re8 10. c3 Be6 11. Bxe6 Rxe6 12. Qb3 Qb6 13. Bf4 Nd7 14. Rfe1
Rae8 15. Rxe6 fxe6 16. Nd2 g5 17. Bg3 f5 18. f4 Qc7 19. Rf1 h5 20. Nf3 gxf4 21.
Bh2 c5 22. Ng5 cxd4 23. Nxe6 Qb6 24. Nxg7+ Qxb3 25. axb3 Kxg7 26. cxd4 Re4 27.
Bxf4 Rxd4 28. Be3 Rd3 29. Bxa7 Kf6 30. Rc1 Rxb3 31. Bd4+ Ke6 32. Re1+ Kf7 33.
Bc3 b5 34. Rd1 Ke6 35. Rd4 Nc5 36. Rh4 Na4 37. Bh8 Nxb2 38. Rxh5 Nd3 39. Rh6+
Kd5 40. h4 Rb1+ 41. Kh2 f4 42. Rf6 Ke4 43. Rf8 Nf2 44. g3 f3 45. Rf4+ Ke3 46.
Bd4+ Ke2 47. Bxf2 Kxf2 48. h5 Rg1 49. Rb4 Rg2+ 50. Kh3 Rxg3+ 51. Kh4 Kg2 52.
Rxb5 f2 53. Rb2 Rb3 54. Rxf2+ Kxf2 55. h6 Kf3 56. h7 Rb8 57. Kg5 Ke4 58. Kf6
Kf4 59. Kg7 Ke5 1/2-1/2

[Event "XIX. DBMM Schach"]
[Site "Billerbeck"]
[Date "2019.09.06"]
[Round "3.2"]
[White "Rietze, Clemens"]
[Black "Zude, Arno"]
[Result "1/2-1/2"]
[WhiteElo "2279"]
[BlackElo "2372"]
[Annotator "dgt"]
[PlyCount "161"]
[EventDate "2019.09.??"]
[EventType "team-swiss"]
[EventRounds "7"]
[EventCountry "GER"]
[SourceTitle "XIX. DBMM 2019"]
[Source "FV Schach e.V."]
[SourceDate "2019.09.09"]
[SourceVersion "4"]
[SourceVersionDate "2019.10.16"]
[SourceQuality "1"]
[WhiteTeam "AGI Frankfurt"]
[BlackTeam "Software AG Darmstadt"]
[WhiteTeamCountry "GER"]
[BlackTeamCountry "GER"]

1. d4 Nf6 2. c4 e6 3. Nf3 d5 4. Nc3 Be7 5. Bf4 O-O 6. e3 b6 7. cxd5 Nxd5 8.
Nxd5 Qxd5 9. a3 Bb7 10. Rc1 Qa5+ 11. Qd2 Qxd2+ 12. Nxd2 c5 13. dxc5 bxc5 14. f3
Nd7 15. Bd3 Nb6 16. Ke2 Bf6 17. Nc4 Ba6 18. Ne5 c4 19. Nxc4 Bxc4 20. Bxc4 Bxb2
21. Rc2 Bxa3 22. Ba6 Nd5 23. Bb7 Nxf4+ 24. exf4 Rab8 25. Ra1 Bd6 26. Rxa7 Bxf4
27. g3 Bd6 28. f4 g6 29. Kf3 Kg7 30. Kg2 Rfd8 31. Bf3 Rdc8 32. Rd2 Bc5 33. Rad7
Ba3 34. Bb7 Rc3 35. Re2 Rb3 36. Bf3 R8b6 37. Rc2 Rb2 38. Be4 Rxc2+ 39. Bxc2 Rb2
40. Rc7 Kf6 41. Kf3 Bd6 42. Rc8 Ra2 43. Rc4 h5 44. Rc6 Ke7 45. Rc4 Ra1 46. Ra4
Rh1 47. Kg2 Re1 48. Re4 Rc1 49. Rc4 f5 50. Kf3 Ra1 51. Ra4 Rh1 52. Ra7+ Kf6 53.
Ra6 Rxh2 54. Bxf5 Kxf5 55. Rxd6 Ra2 56. Rd3 g5 57. fxg5 Kxg5 58. Rd8 Ra3+ 59.
Kf2 e5 60. Rf8 Kg4 61. Rg8+ Kf5 62. Rh8 Ke4 63. Rxh5 Ra2+ 64. Ke1 Kd4 65. Rh8
Ke3 66. Kf1 e4 67. g4 Ra1+ 68. Kg2 Ke2 69. g5 Ra5 70. Rg8 e3 71. Kg3 Ke1 72.
Kf4 e2 73. Re8 Kf2 74. g6 Ra8 75. Rxe2+ Kxe2 76. Kf5 Ke3 77. g7 Kd4 78. Ke6 Kc5
79. Kf7 Kd6 80. g8=Q Rxg8 81. Kxg8 1/2-1/2